Computer applications including E.commerce / (Record no. 40817)

MARC details
000 -LEADER
fixed length control field 00721nam a22002057a 4500
005 - DATE AND TIME OF LATEST TRANSACTION
control field 2010081102162.0
010 ## - LCCN (DPL NO)
LC control number ENG-99443
020 ## - INTERNATIONAL STANDARD BOOK NUMBER
International Standard Book Number 9788190748414
Terms of availability 110.00
035 ## - SYSTEM CONTROL NUMBER
System control number EN-82975
037 ## - SOURCE OF ACQUISITION
Source of stock number/acquisition DBAD/PUB
082 ## - DEWEY DECIMAL CLASSIFICATION NUMBER
Classification number 005.3
100 ## - MAIN ENTRY--PERSONAL NAME
Personal name Hariharan, P.
245 ## - TITLE STATEMENT
Title Computer applications including E.commerce /
Statement of responsibility, etc P. Hariharan
260 ## - PUBLICATION, DISTRIBUTION, ETC. (IMPRINT)
Place of publication, distribution, etc Tamilnadu
Name of publisher, distributor, etc ML Publication
Date of publication, distribution, etc 2008
270 ## - ADDRESS
Address 30/j -22 V.R.S Nagar, Polur
City Tamilnadu
300 ## - PHYSICAL DESCRIPTION
Extent 207p.:
Other physical details ill.
Dimensions 21cm (pbk)
650 ## - SUBJECT ADDED ENTRY--TOPICAL TERM
Topical term or geographic name as entry element Computer application
942 ## - ADDED ENTRY ELEMENTS (KOHA)
Source of classification or shelving scheme Dewey Decimal Classification
Item type English Books
Classification part 005.3
Call number suffix HAR
Holdings
Withdrawn status Lost status Not for loan Collection code Home library Current library Date acquired Source of acquisition Cost, normal purchase price Full call number Barcode Copy number Cost, replacement price Koha item type
    Not For Loan Non-fiction D.B.Act.Division D.B.Act.Division 11/08/2010 DBAD/PUB 110.00 005.3 HAR EN-82975 1 110.00 English Books

© Delhi Public Library
Hit Counter
free hit counter